Textbook of social administration : the consumer-centered approach /

Enregistré dans:
Détails bibliographiques
Auteur principal: Poertner, John
Autres auteurs: Rapp, Charles A.
Format: Livre
Langue:anglais
Publié: New York : The Haworth Press, c2007.
Sujets:
Accès en ligne:Table of contents only
Tags: Ajouter un tag
Pas de tags, Soyez le premier à ajouter un tag!

MARC

LEADER 00000cam a2200000 a 4500
001 14611919
003 MU
005 20220819095348.0
008 061026s2007 nyua b 001 0 eng
010 |a  2006035937 
015 |a GBA747591  |2 bnb 
016 7 |a 013772962  |2 Uk 
020 |a 9780789031778 (case 13 : alk. paper)  |c Tzs 136,000/= 
020 |a 0789031779 (case 13 : alk. paper)  |c Tzs 136,000/= 
020 |a 9780789031785 (soft 13 : alk. paper)  |c Tzs 136,000/= 
020 |a 0789031787 (soft 13 : alk. paper)  |c Tzs 136,000/= 
040 |a MUL  |c MUL  |d MUL  |d MUL  |b eng.  |e AACR 
043 |a +255 
050 0 0 |a HV95  |b .P645 2007 
082 0 0 |a 361.30684 POE  |2 22  |b 1 
100 1 |a Poertner, John. 
245 1 0 |a Textbook of social administration :  |b the consumer-centered approach /  |c John Poertner, and Charles A. Rapp. 
260 |a New York :  |b The Haworth Press,  |c c2007. 
300 |a xvi, 432 p. :  |b ill. ;  |c 22 cm. 
504 |a Includes bibliographical references (p. 389-399) and index. 
505 0 |a Consumer-centered social administration -- Initiating change through persuasion : the microskills approach -- An analytic framework for social program management -- Specifying and managing the social work theory of helping -- Program framework : the rest of the story -- Managing information : determining whether the program is operating as intended -- Selection and measurement of performance indicators -- Personnel management -- Fiscal management -- The inverted hierarchy. 
650 0 |a Social work administration  |z United States. 
700 1 |a Rapp, Charles A. 
856 4 1 |3 Table of contents only  |u http://www.loc.gov/catdir/toc/ecip074/2006035937.html 
906 |a 0  |b cbc  |c orignew  |d 1  |e ecip  |f 20  |g y-gencatlg 
942 |2 ddc  |c BK  |n 0 
999 |c 282  |d 282